000 00496nam a2200181 a 4500
005 20260228101927.0
008 260221s2026##################000#0#eng##
020 _a9781840970609
_qhbk
041 _aeng
082 0 4 _a320.9470904
_bJAR
100 _aJarman, Robert L.
245 1 0 _aSoviet Union Political Reports, 1917-1970: 1949-1951
_c/Robert L. Jarman
260 _bArchive Editions,
_c2004
300 _a800p,'
_c20 cm
504 _aindex
650 _apolitical science
942 _cREF
999 _c615394
_d615394